[Event "DEM U12/U12w 2013"]
[Site "Oberhof GER"]
[Date "2013.05.22"]
[Round "6"]
[White "Simon, Tim"]
[Black "Riedel, Erich"]
[Result "1/2-1/2"]
[Termination "normal"]
[Board "18"]
[WhiteElo "1640"]
[BlackElo "1767"]
[PlyCount "93"]
[WhiteFideId "12971740"]
[BlackFideId "12958646"]
[EventCountry "GER"]
[EventRounds "11"]
[EventType "swiss"]
[EventDate "2013.05.18"]

1. e4 e6 2. d4 d5 3. e5 c5 4. c3 Qb6 5. Nf3 Nc6 6. a3 a5 7. Bd3 Bd7 8. Bc2 f6
9. O-O fxe5 10. Nxe5 Nxe5 11. dxe5 g6 12. Nd2 Bg7 13. Nf3 Qc7 14. Re1 Ne7 15.
Bf4 O-O 16. Qd2 Nf5 17. Rad1 Bc6 18. Ng5 Qc8 19. Be3 b6 20. f4 Nxe3 21. Qxe3
Ra7 22. Qh3 Bh8 23. Qxe6+ Qxe6 24. Nxe6 Re8 25. Ng5 Rf8 26. g3 h6 27. Nf3 g5
28. f5 Re7 29. g4 d4 30. Be4 Bxe4 31. Rxe4 dxc3 32. bxc3 Rfe8 33. f6 Bxf6 34.
Rde1 Bg7 35. c4 Re6 36. Kg2 Kf7 37. Kg3 Kg6 38. h4 R8e7 39. a4 Re8 40. Kh3 R8e7
41. h5+ Kf7 42. Rf1 Ke8 43. Rb1 Kd7 44. Re3 Kc7 45. Nd2 Rxe5 46. Rxe5 Rxe5 47.
Rf1 1/2-1/2

[Event "DEM U12/U12w 2013"]
[Site "Oberhof GER"]
[Date "2013.05.22"]
[Round "6"]
[White "Perekhozhuk, Maksym"]
[Black "Weber, Samuel"]
[Result "1/2-1/2"]
[Termination "normal"]
[Board "19"]
[WhiteElo "1749"]
[BlackElo "1703"]
[PlyCount "113"]
[WhiteFideId "12914860"]
[BlackFideId "12924008"]
[EventCountry "GER"]
[EventRounds "11"]
[EventType "swiss"]
[EventDate "2013.05.18"]

1. e4 g6 2. d4 Bg7 3. Nc3 d6 4. Be3 a6 5. Qd2 b5 6. Bd3 Nd7 7. Nf3 Bb7 8. h3 c5
9. a3 Qc7 10. O-O c4 11. Be2 h6 12. Rfe1 Ngf6 13. d5 Nc5 14. Bd4 e5 15. Bxc5
Qxc5 16. b3 h5 17. bxc4 bxc4 18. Rab1 Bh6 19. Qd1 Bc8 20. Rb4 g5 21. Rxc4 Qxa3
22. Rc6 Bd7 23. Nb1 Qa5 24. Rxd6 Nxe4 25. Rxh6 Rxh6 26. Bd3 Nd6 27. Rxe5+ Kf8
28. Rxg5 f6 29. Rg3 h4 30. Rg6 Rxg6 31. Bxg6 Qa1 32. Bd3 Rb8 33. Nfd2 f5 34.
Nb3 Qg7 35. Qh5 Re8 36. Kf1 Nf7 37. Qxh4 Qe5 38. Qb4+ Kg8 39. Na3 f4 40. Nc4
Qh5 41. Kg1 Bxh3 42. gxh3 Qxh3 43. Bf1 Qg4+ 44. Kh2 f3 45. Qb6 Qh4+ 46. Kg1
Qg4+ 47. Kh2 Qf4+ 48. Kg1 Re1 49. Qg6+ Kf8 50. Ncd2 a5 51. Nc5 Qg5+ 52. Qxg5
Nxg5 53. Ne6+ Nxe6 54. dxe6 Rxe6 55. Nxf3 a4 56. Bc4 Rb6 57. Nd2 1/2-1/2

[Event "DEM U12/U12w 2013"]
[Site "Oberhof GER"]
[Date "2013.05.22"]
[Round "6"]
[White "Schulze, Lara"]
[Black "Meyling, Lennart"]
[Result "1/2-1/2"]
[Termination "normal"]
[Board "20"]
[WhiteElo "1839"]
[BlackElo "1628"]
[PlyCount "88"]
[WhiteFideId "12956830"]
[BlackFideId "12947130"]
[EventCountry "GER"]
[EventRounds "11"]
[EventType "swiss"]
[EventDate "2013.05.18"]

1. d4 g6 2. c4 Bg7 3. Nf3 e6 4. Nc3 Ne7 5. Bf4 d5 6. e3 O-O 7. Be2 Nbc6 8. O-O
a6 9. a3 a5 10. Nb5 Bd7 11. Bxc7 Qc8 12. c5 Na7 13. Nxa7 Qxc7 14. Nb5 Bxb5 15.
Bxb5 Nc6 16. Nd2 e5 17. Nf3 Na7 18. Be2 e4 19. Nd2 f5 20. f3 exf3 21. Bxf3 Rad8
22. Qb3 Qd7 23. Qb6 Nc6 24. Qb3 f4 25. e4 Nxd4 26. Qxd5+ Qxd5 27. exd5 Nxf3+
28. Rxf3 Rxd5 29. Ne4 Bxb2 30. Rb1 Bxa3 31. Rxa3 Re5 32. Ra4 f3 33. gxf3 Rxf3
34. Rc1 Re3 35. Nf6+ Kg7 36. Ng4 R5e4 37. Rxe4 Rxe4 38. Nf2 Rd4 39. Rb1 Rb4 40.
Ra1 a4 41. Nd3 Rb3 42. Ne5 Kf6 43. Nd7+ Ke6 44. Nb6 a3 1/2-1/2

[Event "DEM U12/U12w 2013"]
[Site "Oberhof GER"]
[Date "2013.05.22"]
[Round "6"]
[White "Liebeck, Eddie"]
[Black "Zienert, Richard"]
[Result "0-1"]
[Termination "normal"]
[Board "21"]
[WhiteElo "1726"]
[BlackElo "1846"]
[PlyCount "70"]
[WhiteFideId "12945854"]
[BlackFideId "12945986"]
[EventCountry "GER"]
[EventRounds "11"]
[EventType "swiss"]
[EventDate "2013.05.18"]

1. d4 Nf6 2. c4 g6 3. Nc3 Bg7 4. e4 d6 5. Be3 O-O 6. Be2 Nc6 7. h4 e5 8. d5 Ne7
9. h5 Nd7 10. h6 Bh8 11. Nf3 a5 12. Bg5 Nc5 13. Be3 b6 14. Nd2 f5 15. Bxc5 bxc5
16. exf5 Nxf5 17. Nce4 Rb8 18. b3 Nd4 19. Bg4 Bxg4 20. Qxg4 Rf4 21. Qd1 Qe7 22.
f3 Rh4 23. Rxh4 Qxh4+ 24. Kf1 Qxh6 25. Kf2 Qh4+ 26. Ke3 Bg7 27. Kd3 Bh6 28. Qh1
Qf4 29. Nf6+ Kh8 30. Nf1 Nxb3 31. axb3 Rxb3+ 32. Ke2 Rb2+ 33. Ke1 Qxc4 34. Nd2
Bxd2+ 35. Kf2 Bf4+ 0-1

[Event "DEM U12/U12w 2013"]
[Site "Oberhof GER"]
[Date "2013.05.22"]
[Round "6"]
[White "Möller, Lisa-Marie"]
[Black "Schnabel, Bennett"]
[Result "0-1"]
[Termination "normal"]
[Board "22"]
[WhiteElo "1492"]
[BlackElo "1708"]
[PlyCount "120"]
[WhiteFideId "12959367"]
[BlackFideId "12943290"]
[EventCountry "GER"]
[EventRounds "11"]
[EventType "swiss"]
[EventDate "2013.05.18"]

1. e4 c5 2. Nf3 Nc6 3. d4 cxd4 4. Nxd4 g6 5. c4 Bg7 6. Be3 Nf6 7. Nc3 O-O 8.
Be2 d6 9. O-O a6 10. Qd2 Ng4 11. Bxg4 Bxg4 12. f3 Bd7 13. Rfd1 Nxd4 14. Bxd4 b5
15. Bxg7 Kxg7 16. cxb5 Bxb5 17. Nxb5 axb5 18. Rac1 Qb6+ 19. Qd4+ Qxd4+ 20. Rxd4
Rxa2 21. Rb4 Rb8 22. Rd1 Ra4 23. Rdd4 Rxb4 24. Rxb4 Kf6 25. Kf2 e5 26. Ke3 Ke6
27. Kd3 Kd7 28. Rb3 Kc6 29. Rc3+ Kb6 30. Kc2 Rb7 31. Kb3 Rc7 32. Rd3 Kc6 33.
Rc3+ Kd7 34. Rd3 Rc1 35. Rd2 f5 36. Re2 Rc4 37. Re3 Ke6 38. Re2 fxe4 39. fxe4
d5 40. exd5+ Kxd5 41. Rf2 e4 42. Rf8 Kd4 43. Rd8+ Ke3 44. Rd5 Kf2 45. Rxb5 Rc7
46. Re5 e3 47. Re8 Rf7 48. Rc8 e2 49. Rc2 Kf1 50. Rc1+ e1=Q 51. Rxe1+ Kxe1 52.
Kc4 Kf2 53. g4 Rf4+ 54. Kc5 Rxg4 55. b4 Kg2 56. b5 Rg5+ 57. Kc6 Rxb5 58. Kxb5
Kxh2 59. Kc5 g5 60. Kd4 g4 0-1

[Event "DEM U12/U12w 2013"]
[Site "Oberhof GER"]
[Date "2013.05.22"]
[Round "6"]
[White "Reimann, Sebastian"]
[Black "Shoipov, Dennie"]
[Result "1/2-1/2"]
[Termination "normal"]
[Board "23"]
[WhiteElo "1629"]
[BlackElo "1816"]
[PlyCount "49"]
[WhiteFideId "12928054"]
[BlackFideId "14137755"]
[EventCountry "GER"]
[EventRounds "11"]
[EventType "swiss"]
[EventDate "2013.05.18"]

1. e4 c5 2. Nf3 Nc6 3. d4 cxd4 4. Nxd4 g6 5. c4 Bg7 6. Be3 Nf6 7. Nc3 O-O 8.
Be2 d6 9. O-O Bd7 10. Qd2 Nxd4 11. Bxd4 Bc6 12. f3 Nd7 13. Bxg7 Kxg7 14. Kh1 a5
15. b3 Nc5 16. Rad1 Qe8 17. Qe3 f6 18. Rfe1 Qf7 19. Nd5 Bxd5 20. exd5 f5 21.
Bd3 Rfe8 22. Bc2 Qf6 23. g4 f4 24. Qd2 b6 25. a4 1/2-1/2

[Event "DEM U12/U12w 2013"]
[Site "Oberhof GER"]
[Date "2013.05.22"]
[Round "6"]
[White "Wübker, Paul-Luca"]
[Black "Engel, Johann"]
[Result "1-0"]
[Termination "normal"]
[Board "24"]
[WhiteElo "1479"]
[BlackElo "1650"]
[PlyCount "149"]
[WhiteFideId "12939528"]
[BlackFideId "12920509"]
[EventCountry "GER"]
[EventRounds "11"]
[EventType "swiss"]
[EventDate "2013.05.18"]

1. d4 Nf6 2. c4 g6 3. Nc3 d5 4. cxd5 Nxd5 5. e4 Nxc3 6. bxc3 Bg7 7. Bc4 O-O 8.
Ne2 Nd7 9. O-O Nb6 10. Bb3 Bd7 11. Be3 Bc6 12. f3 Bb5 13. a4 Ba6 14. Re1 Nc4
15. Bxc4 Bxc4 16. Qc2 Qd7 17. Rab1 Ba6 18. Nf4 b6 19. Nd3 Rfd8 20. Red1 Rab8
21. Bf4 Rbc8 22. Ne5 Qe8 23. d5 Bb7 24. a5 f6 25. Nd3 Ba8 26. axb6 cxb6 27. Qa2
Rd7 28. c4 h5 29. Be3 Qd8 30. c5 Kh7 31. cxb6 axb6 32. Bxb6 Qe8 33. Nf4 Bh6 34.
Ne6 Rb7 35. Bf2 Rc3 36. Rxb7 Bxb7 37. Qb2 Qc8 38. Qb4 Rc1 39. Rxc1 Qxc1+ 40.
Qe1 Qxe1+ 41. Bxe1 Be3+ 42. Bf2 Bxf2+ 43. Kxf2 Kg8 44. Ke3 Ba6 45. Kd4 Kf7 46.
g3 Bf1 47. f4 Bh3 48. Nc5 g5 49. fxg5 fxg5 50. e5 h4 51. d6 exd6 52. exd6 hxg3
53. hxg3 Bg2 54. Ke5 Bf3 55. Ne6 Ke8 56. Nxg5 Be2 57. Ne6 Bg4 58. Nc5 Kd8 59.
d7 Ke7 60. Kf4 Be2 61. Kg5 Bc4 62. g4 Be2 63. Kh4 Kd8 64. g5 Ke7 65. g6 Bc4 66.
Kg5 Ba2 67. Kh6 Bd5 68. Kh7 Bf7 69. gxf7 Kxf7 70. d8=R Ke7 71. Rd5 Kf6 72. Kh6
Ke7 73. Kg6 Kf8 74. Re5 Kg8 75. Re8# 1-0

[Event "DEM U12/U12w 2013"]
[Site "Oberhof GER"]
[Date "2013.05.22"]
[Round "6"]
[White "Weller, Uli"]
[Black "Kölz, Niklas"]
[Result "1/2-1/2"]
[Termination "normal"]
[Board "25"]
[WhiteElo "1501"]
[BlackElo "1629"]
[PlyCount "47"]
[WhiteFideId "12971782"]
[BlackFideId "12971758"]
[EventCountry "GER"]
[EventRounds "11"]
[EventType "swiss"]
[EventDate "2013.05.18"]

1. e4 c5 2. Nf3 e6 3. d4 cxd4 4. Nxd4 a6 5. Bd3 Bc5 6. Nb3 Ba7 7. Qg4 Nf6 8.
Qg3 d6 9. Nc3 Nc6 10. Bg5 h6 11. Bd2 Ne5 12. Be2 b5 13. O-O-O Qe7 14. Bf4 b4
15. Bxe5 dxe5 16. Nb1 Nxe4 17. Qxg7 Qg5+ 18. Qxg5 Nxg5 19. f3 Bb7 20. h4 Nh7
21. Na5 Be3+ 22. Nd2 O-O-O 23. Nac4 Bxd2+ 24. Rxd2 1/2-1/2

[Event "DEM U12/U12w 2013"]
[Site "Oberhof GER"]
[Date "2013.05.22"]
[Round "6"]
[White "Enache, Rares"]
[Black "Wendler, David"]
[Result "1-0"]
[Termination "normal"]
[Board "26"]
[WhiteElo "1628"]
[BlackElo "1548"]
[PlyCount "105"]
[WhiteFideId "12976440"]
[BlackFideId "12938360"]
[EventCountry "GER"]
[EventRounds "11"]
[EventType "swiss"]
[EventDate "2013.05.18"]

1. e4 c5 2. Nf3 Nc6 3. d4 cxd4 4. Nxd4 Nf6 5. Nc3 e5 6. Ndb5 d6 7. Bg5 a6 8.
Na3 b5 9. Bxf6 gxf6 10. Nd5 Bg7 11. c4 Qa5+ 12. Qd2 Qxd2+ 13. Kxd2 Rb8 14. cxb5
Nd4 15. g3 Bb7 16. Nc4 Bxd5 17. exd5 axb5 18. Nxd6+ Kd7 19. Ne4 f5 20. Nc3 Rhc8
21. Bd3 e4 22. Nxe4 fxe4 23. Bxe4 Re8 24. Rhe1 Rbc8 25. Re3 f5 26. Bd3 Kd6 27.
Rae1 Re5 28. Rxe5 Bxe5 29. Re3 f4 30. Re4 fxg3 31. hxg3 Kxd5 32. f4 Bf6 33. Re3
h6 34. Be4+ Kd6 35. Bd3 Kd5 36. Be4+ Kd6 37. Ra3 Rg8 38. Ra6+ Ke7 39. Ra7+ Ke6
40. Ra6+ Ke7 41. Ra3 Ke6 42. Re3 Kd6 43. Ke1 b4 44. Kd2 Re8 45. Kd3 Ra8 46.
Bxa8 b3 47. axb3 Nxb3 48. Ke4 Nc5+ 49. Kf5 Bxb2 50. Kg6 Ne6 51. Kxh6 Ng7 52. g4
Kc5 53. Re7 1-0

[Event "DEM U12/U12w 2013"]
[Site "Oberhof GER"]
[Date "2013.05.22"]
[Round "6"]
[White "Poetsch, Leonore"]
[Black "Vuckovic, Zarko"]
[Result "0-1"]
[Termination "normal"]
[Board "27"]
[WhiteElo "1468"]
[BlackElo "1722"]
[PlyCount "54"]
[WhiteFideId "12940372"]
[BlackFideId "12952087"]
[EventCountry "GER"]
[EventRounds "11"]
[EventType "swiss"]
[EventDate "2013.05.18"]

1. e4 c5 2. Nf3 a6 3. c3 d5 4. e5 Bf5 5. d4 e6 6. Bd3 Bxd3 7. Qxd3 Nc6 8. O-O
Qb6 9. b3 Rc8 10. Be3 cxd4 11. cxd4 Nb4 12. Qd1 Nc2 13. Nbd2 Nxa1 14. Qxa1 Ne7
15. a3 Nc6 16. b4 a5 17. bxa5 Qxa5 18. a4 Be7 19. Rb1 Ra8 20. Rxb7 Qxa4 21. Qc1
O-O 22. Rb1 Rfc8 23. Qf1 Bb4 24. Nb3 Na5 25. Nxa5 Qxa5 26. Qd3 Rc3 27. Qd1 Ra3
0-1

[Event "DEM U12/U12w 2013"]
[Site "Oberhof GER"]
[Date "2013.05.22"]
[Round "6"]
[White "Rieß, Alexander"]
[Black "Steffens, Oliver"]
[Result "1/2-1/2"]
[Termination "normal"]
[Board "28"]
[WhiteElo "1605"]
[BlackElo "1432"]
[PlyCount "75"]
[WhiteFideId "12953326"]
[BlackFideId "12947148"]
[EventCountry "GER"]
[EventRounds "11"]
[EventType "swiss"]
[EventDate "2013.05.18"]

1. c4 c6 2. Nf3 d5 3. b3 Nf6 4. Bb2 Bf5 5. g3 e6 6. Bg2 Nbd7 7. O-O h6 8. d3
Be7 9. Nbd2 O-O 10. Rc1 Re8 11. Rc2 Qb6 12. Qa1 Bf8 13. h3 Rac8 14. Rfc1 c5 15.
cxd5 exd5 16. Nf1 Qb5 17. Ne3 Be6 18. Ne5 Nxe5 19. Bxe5 d4 20. Bxf6 gxf6 21.
Nc4 Qd7 22. Kh2 Bd5 23. a4 Bxg2 24. Kxg2 Qd5+ 25. Kg1 Qh5 26. Kg2 Rxe2 27. Rxe2
Qxe2 28. Qb1 Qe6 29. Re1 Qd5+ 30. Kg1 Qd7 31. Kh2 b5 32. axb5 Qxb5 33. Qd1 Qd7
34. Qh5 Rb8 35. Re4 Kh7 36. Nd2 Rb5 37. Nf3 c4 38. Rxd4 1/2-1/2

[Event "DEM U12/U12w 2013"]
[Site "Oberhof GER"]
[Date "2013.05.22"]
[Round "6"]
[White "Cejda, Cecilia"]
[Black "Wolf, Pablo"]
[Result "1/2-1/2"]
[Termination "normal"]
[Board "29"]
[WhiteElo "1335"]
[BlackElo "1506"]
[PlyCount "64"]
[WhiteFideId "12921122"]
[BlackFideId "12943894"]
[EventCountry "GER"]
[EventRounds "11"]
[EventType "swiss"]
[EventDate "2013.05.18"]

1. e4 c5 2. Nf3 d6 3. d4 cxd4 4. Nxd4 Nf6 5. Nc3 a6 6. Be3 e5 7. Nf3 Be6 8. Bd3
Be7 9. O-O O-O 10. Qe2 Qc7 11. Rfd1 h6 12. Qe1 Bg4 13. Be2 Nbd7 14. h3 Be6 15.
Bd3 b5 16. Rdc1 Nb6 17. b3 Nbd7 18. Ne2 d5 19. Ng3 d4 20. Bd2 Nc5 21. Bb4 Qb7
22. Nxe5 a5 23. Bxa5 Bd6 24. Nf3 Bxg3 25. fxg3 Nfxe4 26. Bxe4 Nxe4 27. Nxd4 Bd5
28. Bb4 Rfe8 29. Qf1 Qb6 30. c3 Nxg3 31. Qf2 Ne4 32. Qf1 Ng3 1/2-1/2

[Event "DEM U12/U12w 2013"]
[Site "Oberhof GER"]
[Date "2013.05.22"]
[Round "6"]
[White "Wiesner, Alexander"]
[Black "Ehmann, Johanna"]
[Result "1/2-1/2"]
[Termination "normal"]
[Board "30"]
[WhiteElo "1658"]
[BlackElo "1350"]
[PlyCount "41"]
[WhiteFideId "12943991"]
[BlackFideId "12953130"]
[EventCountry "GER"]
[EventRounds "11"]
[EventType "swiss"]
[EventDate "2013.05.18"]

1. f4 d5 2. Nf3 Nc6 3. b3 Bf5 4. a3 e6 5. Bb2 Nf6 6. e3 Bd6 7. Bb5 O-O 8. O-O
a6 9. Bxc6 bxc6 10. Ne5 Bxe5 11. Bxe5 Rb8 12. d3 Ng4 13. Bd4 Qh4 14. h3 Nh6 15.
Nd2 Bxh3 16. gxh3 Qg3+ 17. Kh1 Qxh3+ 18. Kg1 Qg3+ 19. Kh1 Qh3+ 20. Kg1 Qg3+ 21.
Kh1 1/2-1/2

[Event "DEM U12/U12w 2013"]
[Site "Oberhof GER"]
[Date "2013.05.22"]
[Round "6"]
[White "Rosenhain, Rachela"]
[Black "Acikel, Mert"]
[Result "1-0"]
[Termination "normal"]
[Board "31"]
[WhiteElo "1335"]
[BlackElo "1727"]
[PlyCount "69"]
[WhiteFideId "12957615"]
[BlackFideId "12956465"]
[EventCountry "GER"]
[EventRounds "11"]
[EventType "swiss"]
[EventDate "2013.05.18"]

1. e4 e5 2. Nf3 Nc6 3. Bc4 Nf6 4. d4 exd4 5. O-O Nxe4 6. Re1 d5 7. Bxd5 Qxd5 8.
Nc3 Qa5 9. Nxe4 Be6 10. Bd2 Qd5 11. Neg5 O-O-O 12. Nxe6 fxe6 13. Ng5 e5 14.
Qg4+ Kb8 15. Qf5 Bc5 16. Ne6 Rde8 17. Nxc5 Qxc5 18. Rac1 h6 19. f4 Rhf8 20. Qe4
a6 21. Qg6 Qd5 22. fxe5 Rxe5 23. Rxe5 Nxe5 24. Qg3 g5 25. Re1 Nc4 26. Bb4 Rd8
27. Re7 Rc8 28. b3 Ne3 29. Qf2 Qb5 30. Bd2 Nxc2 31. Rh7 Qd3 32. Rxh6 Re8 33. h3
Re2 34. Qf8+ Ka7 35. Qc5+ 1-0

[Event "DEM U12/U12w 2013"]
[Site "Oberhof GER"]
[Date "2013.05.22"]
[Round "6"]
[White "Heldt, Nils-Lennart"]
[Black "von Jan, Lena"]
[Result "1-0"]
[Termination "normal"]
[Board "32"]
[WhiteElo "1499"]
[BlackElo "1285"]
[PlyCount "147"]
[WhiteFideId "12952109"]
[BlackFideId "12946060"]
[EventCountry "GER"]
[EventRounds "11"]
[EventType "swiss"]
[EventDate "2013.05.18"]

1. e4 e5 2. Nf3 Nc6 3. Bb5 a6 4. Ba4 Nf6 5. O-O b5 6. Bb3 Be7 7. Re1 O-O 8. d4
d6 9. c3 Bg4 10. d5 Na5 11. Bc2 c6 12. b4 Nc4 13. dxc6 Qc7 14. a4 Qxc6 15. Nbd2
Nb6 16. Bb2 Rfd8 17. axb5 axb5 18. Qe2 h6 19. Bd3 Bd7 20. Nb3 Nc4 21. Bxc4 Qxc4
22. Qxc4 bxc4 23. Na5 Bb5 24. Nd2 Rdc8 25. Ra2 Rc7 26. Rea1 Rca7 27. f3 Bd8 28.
Ra3 Bxa5 29. Rxa5 Rxa5 30. Rxa5 Rxa5 31. bxa5 d5 32. exd5 Nxd5 33. Ne4 f6 34.
Nc5 Nc7 35. Kf2 Kf7 36. Ba3 Na6 37. Nb7 Nc7 38. Nd6+ Ke6 39. Nxb5 Nxb5 40. a6
Kd7 41. Bf8 g6 42. Bc5 Kc7 43. a7 Kb7 44. Bb4 Kxa7 45. Ke3 Kb6 46. Kd2 f5 47.
Bf8 h5 48. Bg7 e4 49. fxe4 fxe4 50. Ke3 Nd6 51. Be5 Nf5+ 52. Kxe4 Kc5 53. Bf4
Nh4 54. g3 Ng2 55. Bd2 h4 56. Kf3 h3 57. Kg4 Kd5 58. Kxh3 Ne3 59. Bxe3 Ke4 60.
Bd4 Kf5 61. Kh4 g5+ 62. Kh5 Ke4 63. Kxg5 Kf3 64. h4 Kxg3 65. h5 Kf3 66. h6 Ke4
67. h7 Kd3 68. h8=Q Kc2 69. Qb8 Kd3 70. Qb1+ Ke2 71. Kf4 Kd2 72. Qb2+ Ke1 73.
Ke3 Kf1 74. Qf2# 1-0

[Event "DEM U12/U12w 2013"]
[Site "Oberhof GER"]
[Date "2013.05.22"]
[Round "6"]
[White "Fesselier, Chelsea"]
[Black "Lellek, Lewin Louis"]
[Result "1-0"]
[Termination "normal"]
[Board "33"]
[WhiteElo "1416"]
[BlackElo "1276"]
[PlyCount "123"]
[WhiteFideId "26024624"]
[BlackFideId "12971820"]
[EventCountry "GER"]
[EventRounds "11"]
[EventType "swiss"]
[EventDate "2013.05.18"]

1. e4 e5 2. Nf3 Nc6 3. Bc4 Bc5 4. c3 Nf6 5. d3 O-O 6. Bb3 Be7 7. Nbd2 d5 8. Qe2
Re8 9. O-O d4 10. Rd1 Bc5 11. h3 Nh5 12. Nf1 Qf6 13. Ng5 Nf4 14. Bxf4 Qxf4 15.
Bxf7+ Kf8 16. Bxe8 Qxg5 17. Bxc6 bxc6 18. Ng3 Kg8 19. cxd4 Bxd4 20. Qh5 Qxh5
21. Nxh5 Bxb2 22. Rab1 Bd4 23. Ng3 g6 24. Ne2 c5 25. Nxd4 cxd4 26. Rbc1 Be6 27.
Rxc7 Bxa2 28. Ra1 Bb3 29. Ra3 Be6 30. Raxa7 Rxa7 31. Rxa7 Bf7 32. Re7 Bb3 33.
Rxe5 Bc2 34. Rd5 Bxd3 35. Rxd4 Bb5 36. e5 Kf7 37. Rd5 Bc4 38. Rd6 Ke7 39. Kh2
Kf7 40. f4 Ke7 41. g4 Be6 42. Kg3 h6 43. h4 Kf7 44. Rb6 Bd5 45. h5 Be4 46.
hxg6+ Bxg6 47. f5 Bh7 48. Rxh6 Kg7 49. Rxh7+ Kxh7 50. e6 Kg7 51. e7 Kf7 52. f6
Ke8 53. g5 Kf7 54. g6+ Ke8 55. g7 Kf7 56. g8=Q+ Kxg8 57. e8=Q+ Kh7 58. f7 Kg6
59. f8=R+ Kh7 60. Kg4 Kh6 61. Rg8 Kh7 62. Qg6# 1-0

[Event "DEM U12/U12w 2013"]
[Site "Oberhof GER"]
[Date "2013.05.22"]
[Round "6"]
[White "Schulz, Theresa Charlotte"]
[Black "Forster, Lukas"]
[Result "0-1"]
[Termination "normal"]
[Board "34"]
[WhiteElo "1306"]
[BlackElo "1494"]
[PlyCount "108"]
[WhiteFideId "12952206"]
[BlackFideId "12971790"]
[EventCountry "GER"]
[EventRounds "11"]
[EventType "swiss"]
[EventDate "2013.05.18"]

1. c4 e6 2. Nc3 d5 3. cxd5 exd5 4. d4 Nf6 5. g3 Be6 6. Bg2 h6 7. Nf3 c5 8. e3
Nc6 9. O-O Be7 10. Qc2 O-O 11. b3 Qd7 12. Bb2 Rfd8 13. Ne2 Rac8 14. dxc5 Bh3
15. Rfd1 Bxg2 16. Kxg2 Nb4 17. Qc3 Bxc5 18. Qe5 Bd6 19. Qd4 Nc2 20. Qh4 Nxa1
21. Bxa1 Be7 22. Qd4 Bc5 23. Qh4 Be7 24. Qd4 Qc6 25. Ne5 Qc2 26. Nf4 Qe4+ 27.
Qxe4 Nxe4 28. Nxd5 Bf6 29. Nxf6+ Nxf6 30. Rxd8+ Rxd8 31. Bd4 Nd5 32. Bxa7 Ra8
33. Bc5 Rxa2 34. Kf3 Rb2 35. Ke4 Nf6+ 36. Kd4 Rxf2 37. Kc4 Rxh2 38. Kb5 Ne4 39.
Be7 Rb2 40. b4 f6 41. Nd7 Kf7 42. Bc5 Nxc5 43. Nxc5 b6 44. Na6 Rb3 45. Kxb6
Rxe3 46. b5 Rxg3 47. Kc6 Rb3 48. b6 h5 49. b7 h4 50. Nc7 h3 51. Nb5 h2 52. b8=Q
h1=Q+ 53. Kc5 Qh5+ 54. Kd6 Qe5+ 0-1

[Event "DEM U12/U12w 2013"]
[Site "Oberhof GER"]
[Date "2013.05.22"]
[Round "6"]
[White "Groth, Kevin"]
[Black "Flach, Helene"]
[Result "0-1"]
[Termination "normal"]
[Board "35"]
[WhiteElo "1399"]
[BlackElo "1272"]
[PlyCount "74"]
[WhiteFideId "12971804"]
[BlackFideId "12929735"]
[EventCountry "GER"]
[EventRounds "11"]
[EventType "swiss"]
[EventDate "2013.05.18"]

1. e4 e5 2. Nf3 Nc6 3. Bb5 a6 4. Ba4 Be7 5. O-O Nf6 6. Re1 b5 7. Bb3 O-O 8. c3
d5 9. exd5 Nxd5 10. Nxe5 Nxe5 11. Rxe5 c6 12. d4 Bd6 13. Re1 Qh4 14. g3 Qh3 15.
Qf3 Bg4 16. Qg2 Qh5 17. Bxd5 cxd5 18. Re3 Rfe8 19. Nd2 Rxe3 20. fxe3 Re8 21.
Qf2 Re6 22. b3 Rf6 23. Qg2 Bh3 24. g4 Bxg4 25. Kh1 Rf1+ 26. Nxf1 Bf3 27. Qxf3
Qxf3+ 28. Kg1 g5 29. Bd2 h5 30. Rc1 h4 31. Be1 h3 32. Rc2 Qd1 33. Rf2 Qxe1 34.
Rf5 Qh4 35. Rxd5 Qg4+ 36. Ng3 Bxg3 37. Rd8+ Kg7 0-1

[Event "DEM U12/U12w 2013"]
[Site "Oberhof GER"]
[Date "2013.05.22"]
[Round "6"]
[White "Reinecke, Katharina"]
[Black "Walow, Xenia"]
[Result "1-0"]
[Termination "normal"]
[Board "36"]
[WhiteElo "1608"]
[BlackElo "1271"]
[PlyCount "111"]
[WhiteFideId "12929727"]
[BlackFideId "12971839"]
[EventCountry "GER"]
[EventRounds "11"]
[EventType "swiss"]
[EventDate "2013.05.18"]

1. e4 c5 2. Nf3 d6 3. d4 cxd4 4. Nxd4 Nf6 5. Nc3 a6 6. Bd3 e6 7. O-O Be7 8. Re1
Nbd7 9. Kh1 Qb6 10. Bf1 O-O 11. f4 Qc5 12. Be3 Qb4 13. Rb1 Qa5 14. Qf3 Qh5 15.
Qg3 Ng4 16. Be2 Bh4 17. Qxg4 Qxg4 18. Bxg4 Bxe1 19. Rxe1 Nf6 20. Bf3 e5 21.
Nde2 Bg4 22. Bb6 Rac8 23. Rd1 Rc6 24. Be3 b5 25. a3 Bxf3 26. gxf3 Rb8 27. Ba7
Ra8 28. Bf2 Rb8 29. fxe5 dxe5 30. Bg3 Re6 31. Nd5 Rc8 32. Nec3 h6 33. Rd2 Kh7
34. Nxf6+ Rxf6 35. Kg2 Rg6 36. Nd5 Rd8 37. Nf6+ gxf6 38. Rxd8 Rg8 39. Rxg8 Kxg8
40. Be1 Kg7 41. b3 Kg6 42. c4 f5 43. c5 Kf6 44. c6 Ke6 45. c7 Kd7 46. Ba5 f4
47. Kh3 f6 48. Kg4 Kc8 49. Kf5 h5 50. Kxf6 h4 51. Kxe5 h3 52. Kxf4 b4 53. axb4
Kd7 54. Ke5 Kc8 55. f4 Kd7 56. f5 1-0

[Event "DEM U12/U12w 2013"]
[Site "Oberhof GER"]
[Date "2013.05.22"]
[Round "6"]
[White "Arnhold, Steffi"]
[Black "Wurst, Maximilian"]
[Result "0-1"]
[Termination "normal"]
[Board "37"]
[WhiteElo "1273"]
[BlackElo "1332"]
[PlyCount "146"]
[WhiteFideId "12931365"]
[BlackFideId "12971812"]
[EventCountry "GER"]
[EventRounds "11"]
[EventType "swiss"]
[EventDate "2013.05.18"]

1. e4 e5 2. Nf3 Nc6 3. Bc4 Bc5 4. c3 Nf6 5. d3 d6 6. Bb3 Be6 7. Bc2 Qe7 8. O-O
Bg4 9. h3 Bh5 10. Bg5 h6 11. Be3 Bb6 12. b4 g5 13. a4 a6 14. Nbd2 g4 15. hxg4
Bxg4 16. a5 Ba7 17. Bxa7 Nxa7 18. c4 h5 19. Qe1 h4 20. Nh2 Qe6 21. Qe3 Nh5 22.
Bd1 Bxd1 23. Raxd1 Nf4 24. Ndf3 Nc6 25. Kh1 Nxb4 26. Rg1 Nc6 27. Ng5 Qg6 28.
Nh3 Nd4 29. Rd2 Nfe6 30. Rb2 Nc5 31. Nf3 Ndb3 32. Ra2 Qh6 33. Qxh6 Rxh6 34. Rd1
O-O-O 35. Nhg5 Rd7 36. Kh2 f6 37. Nh3 Rf7 38. Ra3 f5 39. exf5 Rxf5 40. d4 exd4
41. Nxd4 Nxd4 42. Rxd4 Kd7 43. Rd5 Rxd5 44. cxd5 Rh5 45. Nf4 Rf5 46. g3 Ne4 47.
Kg2 Rg5 48. Re3 Nf6 49. Kh3 hxg3 50. Rxg3 Rxg3+ 51. fxg3 c6 52. dxc6+ bxc6 53.
g4 c5 54. g5 Ng8 55. Kg4 c4 56. Nd5 Kc6 57. Ne3 c3 58. Kf4 d5 59. Ke5 Kc5 60.
g6 d4 61. Ke4 dxe3 62. Kxe3 Kb4 63. Kd3 Kb3 64. g7 Kb2 65. Kc4 c2 66. Kc5 c1=Q+
67. Kb6 Qc4 68. Ka7 Qb5 69. Ka8 Kc3 70. Ka7 Kc4 71. Ka8 Kc5 72. Ka7 Kc6 73. Ka8
Qb7# 0-1

[Event "DEM U12/U12w 2013"]
[Site "Oberhof GER"]
[Date "2013.05.22"]
[Round "6"]
[White "Nguyen, Ha Thanh"]
[Black "Grey, Andrea"]
[Result "1-0"]
[Termination "normal"]
[Board "38"]
[WhiteElo "1570"]
[BlackElo "1157"]
[PlyCount "95"]
[WhiteFideId "12942154"]
[BlackFideId "12971880"]
[EventCountry "GER"]
[EventRounds "11"]
[EventType "swiss"]
[EventDate "2013.05.18"]

1. e4 g6 2. d4 Bg7 3. Nf3 d6 4. Nc3 a6 5. Bc4 e6 6. O-O b5 7. Bd3 Bb7 8. Re1
Ne7 9. Bg5 f6 10. Be3 O-O 11. a4 b4 12. Na2 a5 13. c3 bxc3 14. bxc3 Nd7 15. Rb1
Rb8 16. Nc1 c5 17. Ne2 cxd4 18. cxd4 Bc6 19. Nf4 Kf7 20. Nxe6 Kxe6 21. d5+ Kf7
22. dxc6 Nxc6 23. Bc4+ Ke7 24. Qd5 Ke8 25. Qxc6 Rc8 26. Qd5 Qc7 27. Bb5 Rf7 28.
Rec1 Qd8 29. Rxc8 Qxc8 30. Bxd7+ Qxd7 31. Rb8+ Ke7 32. Rb7 Ke8 33. Rxd7 Rxd7
34. h3 Ke7 35. Qxa5 Rb7 36. Qd5 Rd7 37. a5 Kd8 38. Bb6+ Ke8 39. Nd4 Re7 40. Nc6
Rb7 41. Qe6+ Kf8 42. Qc8+ Kf7 43. Qxb7+ Kg8 44. Nd8 Kh8 45. Ne6 Bf8 46. Nxf8
Kg8 47. Ne6 Kh8 48. Qg7# 1-0